00615 2200241 4500001002100000005001700021008004100038035002400079082000800103090001500111100001500126245004700141250001800188260002700206300002600233500002700259650002000286700001800306850001500324980001300339985000600352999001500358YOGYA-0209000001096420090227022104.0 ind  0010-020900000010964 a532 a532bOri M aORIANTO, M aMekanika fluidacM. Orianto, W.A. Pratikto aEd. 1, cet. 1 aYogyakartabBPFEc1989 a...jilidbilusc21 cm aYang diterima : Jil. I aMekanika fluida aPratikto, W.A aYOPDYOG(B) a05-08-02 a1 a93P0042338